1552 1495 1319 1944 1444 1692 1592 1575 1601 1087 1808 1124 1525 1090 1431 1079 1195 1776 1670 1782 1658 1749 1400 1518 1782 1282 1799 1035 1363 1547 1036 1777 1201 1746 1273 1985 2000 1179 1056 1401 1304 1428 1090 1426 1588 1248 1598 1857 1578 1670 1128 1781 1387 1528 1659 1282 1612 1064 1173 1156 1463 1386 1429 1861 1846 1857 1184 1102 1598 1015 1560 1219 1008 1875 1775 1943 1434 1298 1573 1869 1689 1392 1362 1444 1125 1217 1758 1857 1720 1948 1762 1731 1220 1058 1187 1210 1654 1749 1096 BCNSPRNW ULIB Ver.6.0+V

เปลี่ยนเป็นภาษาไทย

Change to English
 แสดงรายละเอียดบรรณานุกรม
  กลับหน้าหลัก

Brief Record : Get Marc (ISO 2709) : E-mail record : QR code < ปิดหน้าต่าง
LEADER : 00000nam 2200000uu 4500
001    13399122498
003     ULIB
008    120731s2555||||th 000 0 tha d
020    ^a9786160605521
090    ^aนว.^bT551พ
100 0  ^aTiara
245 00 ^aเพชรพราย...ประกายรัก /^cTiara
250    ^aพิมพ์ครั้งที่ 2
260    ^aกรุงเทพฯ :^bแจ่มใส,^c2555
300    ^a253 หน้า
500    ชุดพิเศษ ความรู้สึกดี...ที่เรียกว่ารัก
710 1  ^aแจ่มใส
945    ^p189^l0^i19957
995    ^aทศพร
999    ^aใช้งานได้ทุกระบบ
รายการนี้ยังไม่มีแท็ก
คุณยังไม่ได้ล็อกอิน คุณสามารถมีกิจกรรมร่วมกับเว็บไซต์ได้ แต่ต้องล็อกอินก่อน ::
  ล็อกอิน

รายการสื่อสารสนเทศ

ลำดับที่ ประเภท เลขเรียก/บาร์โค้ด สถานที่ สถานะ
1. นวนิยาย
นวนิยาย
นว. T551พ  
  Barcode: 19957
ห้องสมุดวิทยาเขตสวรรค์ประชารักษ์
►นวนิยาย
บนชั้น
  ขอยืม

รายการใกล้เคียง
    ผู้แต่ง [Tiara]

BibComment


ยังไม่เคยถูกคอมเมนท์

คอมเมนท์ทรัพยากรรายการนี้
  คอมเมนท์: เพชรพรายประกายรั..


 Copyright 2026. Bcnsprnw @Library